Normal view
MARC view
Entry Topical Term
001 - CONTROL NUMBER
- control field: 41513
003 - CONTROL NUMBER IDENTIFIER
- control field: ARRUPE
005 - DATE AND TIME OF LATEST TRANSACTION
- control field: 20180413093204.0
008 - FIXED-LENGTH DATA ELEMENTS
- fixed length control field: 180413|| aca||aabn | a|a d
040 ## - CATALOGING SOURCE
- Original cataloging agency: ARRUPE
- Transcribing agency: ARRUPE
150 ## - HEADING--TOPICAL TERM
- Topical term or geographic name as entry element: Targot
670 ## - SOURCE DATA FOUND
- Source citation: Work cat.: (ARRUPE): Meditations sur les 22 Arcanes Majeurs du Tarot, 1984